[Event "Tch-SWE 2002-3"]
[Site "Sweden SWE"]
[Date "2003.02.08"]
[Round "7"]
[White "Hermansson,E"]
[Black "Welin,T"]
[Result "1-0"]
[WhiteElo "2387"]
[BlackElo "2375"]

1.e4 c5 2.Nf3 Nc6 3.Nc3 e5 4.Bc4 d6 5.d3 Be7 6.Nd2 Nf6 7.Nf1 Be6 8.Ne3 O-O
9.O-O Re8 10.Ncd5 Rb8 11.a4 Bf8 12.c3 g6 13.Nxf6+ Qxf6 14.Nd5 Bxd5 15.Bxd5 Ne7
16.Bc4 d5 17.Bxd5 Nxd5 18.exd5 Qd6 19.c4 f5 20.Bd2 b6 21.Re1 Bg7 22.Qc2 a5
23.Re2 Re7 24.Rae1 Rbe8 25.Bc3 Bf6 26.g3 Kf7 27.Kg2 h5 28.h4 Kg7 29.Re3 Kf7
30.Qd1 Qd7 31.R1e2 f4 32.Re4 Bxh4 33.d6 Re6 34.gxh4 Rxd6 35.Rd2 Qf5 36.Qf3 g5
37.hxg5 Qxg5+ 38.Kf1 h4 39.Rde2 Rg6 40.Ke1 h3 41.Qxh3 Rh6 42.Qd7+ Re7 43.Qd5+ Kf8
44.Rxe5  1-0

[Event "Tch-SWE 2002-3"]
[Site "Sweden SWE"]
[Date "2003.02.08"]
[Round "7"]
[White "Ikonic,B"]
[Black "Akesson,J"]
[Result "0-1"]
[WhiteElo "2295"]
[BlackElo "2245"]

1.e4 c5 2.Nf3 Nc6 3.Nc3 g6 4.d4 cxd4 5.Nxd4 Bg7 6.Be3 Nf6 7.Nb3 O-O 8.Be2 a6
9.f4 d6 10.Bf3 e5 11.Qd2 Ng4 12.Bxg4 Bxg4 13.h3 Be6 14.O-O-O Na5 15.Nxa5 Qxa5
16.Qxd6 exf4 17.Bb6 Qg5 18.Qd2 Bxc3 19.Qxc3 Rac8 20.Qf3 Bxa2 21.Bd4 Be6 22.Rhf1 Qa5
23.Qxf4 Bb3 24.Bc3 Rxc3 25.bxc3 Qxc3 26.Qf2 Rc8 27.Rd7 Qa1+ 28.Kd2 Rxc2+
29.Ke3 Qc3+ 30.Rd3 Qc5+  0-1

[Event "II Marcelo Salado Cup Gp A"]
[Site "Santa Clara CUB"]
[Date "2003.02.12"]
[Round "13"]
[White "Huerta,Da"]
[Black "Corrales,Fi"]
[Result "0-1"]
[WhiteElo "2278"]
[BlackElo "2245"]

1.e4 c5 2.Nc3 Nc6 3.Bb5 g6 4.Bxc6 dxc6 5.d3 e5 6.Be3 Qe7 7.Qd2 Bg7 8.f4 exf4
9.Bxf4 Nf6 10.Nf3 h6 11.O-O-O g5 12.Be3 Ng4 13.Bg1 Be6 14.d4 cxd4 15.Bxd4 O-O-O
16.Qe1 Bxd4 17.Nxd4 Ne5 18.Rf1 Bg4 19.Nf5 Qc5 20.Rxd8+ Rxd8 21.Qf2 Rd1+ 22.Nxd1 Nd3+
23.Kb1 Nxf2 24.Nxf2 Bxf5 25.Nd3 Qd6 26.Rxf5 Qxh2 27.Rxf7 Qxg2 28.e5 Qh1+
29.Nc1 Qe1 30.Rf5 g4  0-1

[Event "TCh-CZE 2002-3"]
[Site "Czech Rep CZE"]
[Date "2003.02.15"]
[Round "6"]
[White "Walek,M"]
[Black "Cvek,R"]
[Result "1/2-1/2"]
[WhiteElo "2317"]
[BlackElo "2429"]

1.e4 c5 2.Nf3 Nc6 3.Nc3 d6 4.d4 cxd4 5.Nxd4 Nf6 6.Bg5 e6 7.Qd2 a6 8.O-O-O h6
9.Bf4 Bd7 10.Nxc6 Bxc6 11.f3 d5 12.Qe1 Bb4 13.a3 Ba5 14.exd5 Nxd5 15.b4 Nxf4
16.Rxd8+ Bxd8 17.h4 O-O 18.Qe3 Nd5 19.Nxd5 Bxd5 20.g4 a5 21.b5 Rc8 22.g5 h5
23.Kb2 Be7 24.Bd3 g6 25.Rd1 Bc5 26.Qf4 Rfd8 27.Be4 Bd6 28.Qc1 Be5+ 29.Kb1 Bxe4
30.Rxd8+ Rxd8 31.fxe4 b6 32.c4 Bd6 33.a4 Bc5 34.Qf4 Rd4 35.Qb8+ Kh7 36.Qf4 Rd7
37.Kc2 Kg7 38.Qe5+ Kg8 39.Qb8+ Kg7 40.Qe5+ Kg8 41.Qb8+  1/2-1/2

[Event "TCh-FIN 2002-3"]
[Site "Finland FIN"]
[Date "2003.02.15"]
[Round "7"]
[White "Rytshagov,M"]
[Black "Holmsten,A"]
[Result "1/2-1/2"]
[WhiteElo "2503"]
[BlackElo "2410"]

1.e4 c5 2.Nf3 Nc6 3.Nc3 Nf6 4.Bb5 Nd4 5.e5 Nxb5 6.Nxb5 Nd5 7.Ng5 a6 8.Qf3 f6
9.Qxd5 fxg5 10.Nc3 e6 11.Qf3 Be7 12.O-O Qc7 13.Re1 g6 14.d3 Rf8 15.Qh3 h5
16.Qg3 Rf5 17.f4 g4 18.Ne4  1/2-1/2

[Event "ch-CZE w"]
[Site "Lahucovice CZE"]
[Date "2003.02.21"]
[Round "1"]
[White "Valickova,M"]
[Black "Kubikova,H"]
[Result "1/2-1/2"]
[WhiteElo "1990"]
[BlackElo "2161"]

1.e4 c5 2.Nf3 Nc6 3.Nc3 Nf6 4.Bb5 g6 5.h3 Bg7 6.e5 Ng8 7.Bxc6 dxc6 8.d3 Nh6
9.Ne4 Nf5 10.c3 b6 11.g4 Nh6 12.Bf4 Be6 13.Qd2 Ng8 14.c4 h5 15.Neg5 Qd7 16.Nxe6 Qxe6
17.Rg1 Rd8 18.Qe2 hxg4 19.hxg4  1/2-1/2

[Event "ch-CZE"]
[Site "Lahucovice CZE"]
[Date "2003.02.21"]
[Round "4"]
[White "Jirovsky,M"]
[Black "Babula,V"]
[Result "1-0"]
[WhiteElo "2457"]
[BlackElo "2581"]

1.e4 c5 2.Nc3 Nc6 3.Bb5 Nd4 4.Bc4 g6 5.Nf3 Bg7 6.Nxd4 cxd4 7.Qf3 Nh6 8.Ne2 O-O
9.c3 dxc3 10.dxc3 d6 11.h3 Be6 12.Bxe6 fxe6 13.Qg3 d5 14.Bxh6 Bxh6 15.e5 Qb6
16.O-O Qxb2 17.Nd4 Rac8 18.Nxe6 Rf5 19.Qh4 Rxe5 20.Qxe7 Qxc3 21.Rac1 Qxc1
22.Rxc1 Rxc1+ 23.Kh2 Rf5 24.Qxb7 Re1 25.Qa8+ Kf7 26.Nd8+ Kg8 27.Ne6+ Kf7
28.Nd4 Rxf2 29.Qxd5+ Kf6 30.Kg3 Rf4 31.Qd8+ Kf7 32.Nf3 Re8 33.Qd7+ Re7 34.Ne5+ Kf6
35.Ng4+ Rxg4+ 36.Qxg4 Be3 37.Qh4+ Ke6 38.Kf3 Bb6 39.Ke4 Rd7 40.Qg4+ Kd6 41.Qg3+ Ke6
42.Qb3+ Kf6 43.a4 Kg7 44.Qc3+ Kf7 45.Qh8 Ke6 46.a5 Bc7 47.Qc8 Bd6 48.g4 Bc7
49.g5 Bd8 50.Qc6+ Rd6 51.Qe8+ Be7 52.h4 Rd8 53.Qc6+ Bd6 54.Qc4+ Ke7 55.Qc3 Rf8
56.Qe3 Ke6 57.Kd3+ Kd5 58.Qxa7 Rf3+ 59.Ke2 Ra3 60.Qxh7 Ra2+ 61.Kd1  1-0

[Event "4th ch-Asia"]
[Site "Doha QAT"]
[Date "2003.02.22"]
[Round "1"]
[White "Iuldachev,S"]
[Black "De Silva,N"]
[Result "1-0"]
[WhiteElo "2487"]
[BlackElo "2243"]

1.e4 c5 2.Nf3 Nc6 3.Nc3 g6 4.d4 cxd4 5.Nxd4 Bg7 6.Nb3 Nf6 7.Bc4 a6 8.O-O O-O
9.Re1 d6 10.Bf1 Bd7 11.Nd5 Nxd5 12.exd5 Ne5 13.c3 b5 14.Nd4 Re8 15.Bg5 Qc7
16.Rc1 Rac8 17.Rc2 h6 18.Bh4 Qb7 19.Nb3 Bf5 20.Rd2 b4 21.cxb4 Qxb4 22.Nd4 Bd7
23.Bxa6 Nc4 24.Bxc4 Rxc4 25.a3 Qb6 26.Nf3 g5 27.Bg3 g4 28.Nh4 Bxb2 29.Qe2 Bc3
30.Rc2 Qb3 31.Rec1 Bb5 32.Qe3 Rec8 33.Nf5 Qa4 34.Nxe7+ Kf8 35.Nxc8  1-0

[Event "4th ch-Asia"]
[Site "Doha QAT"]
[Date "2003.02.22"]
[Round "1"]
[White "Al Modiahki,M"]
[Black "Al Sayed,Mohamad"]
[Result "1-0"]
[WhiteElo "2571"]
[BlackElo "2431"]

1.e4 c5 2.Nc3 Nc6 3.Nf3 Nf6 4.Bb5 Qc7 5.O-O Nd4 6.Re1 Ng4 7.g3 Nxf3+ 8.Qxf3 Ne5
9.Qd1 e6 10.Bf1 Be7 11.b3 O-O 12.Bb2 Nc6 13.Nd5 exd5 14.exd5 Rd8 15.Qh5 Bf8
16.Bc4 d6 17.dxc6 bxc6 18.Bd3 h6 19.Re3 Qd7 20.Rf3 Rb8 21.Rxf7 Qxf7 22.Bh7+ Kxh7
23.Qxf7 Rb7 24.Qf3 Re7 25.d4 cxd4 26.Bxd4 Rde8 27.Qd3+ Kh8 28.h4 c5 29.Bc3 Bb7
30.Qf1 Bf3 31.Qd3 Bb7 32.Qf1 Bf3 33.Re1 Be2 34.Qg2 Re4 35.f4 h5 36.Be5  1-0

[Event "Open"]
[Site "Portsmouth ENG"]
[Date "2003.02.22"]
[Round "3"]
[White "Gormally,D"]
[Black "Hunt,A"]
[Result "1-0"]
[WhiteElo "2479"]
[BlackElo "2365"]

1.e4 c5 2.Nc3 Nc6 3.Nf3 e5 4.Bc4 Be7 5.d3 d6 6.Nd2 Nf6 7.Nf1 Bg4 8.f3 Be6
9.Ne3 O-O 10.O-O a6 11.a4 Nb4 12.Ned5 Nbxd5 13.exd5 Bd7 14.f4 exf4 15.Bxf4 b5
16.axb5 axb5 17.Rxa8 Qxa8 18.Bxb5 Bxb5 19.Nxb5 Nxd5 20.Bd2 Qd8 21.Qf3 Qb6
22.c4 Nb4 23.Qe4 Bd8 24.Bf4 d5 25.Qf3 Qg6 26.Bd6 Re8 27.d4 dxc4 28.Bxc5 Nd3
29.Nd6 Rf8 30.Nxc4 Nxc5 31.dxc5 Bf6 32.c6 Rc8 33.Qd5 Rd8 34.Nd6 Bd4+ 35.Qxd4 Rxd6
36.c7  1-0

[Event "TCh-BEL 2002-3"]
[Site "Belgium BEL"]
[Date "2003.02.23"]
[Round "9"]
[White "Gdanski,J"]
[Black "Jens,J"]
[Result "1-0"]
[WhiteElo "2506"]
[BlackElo "2359"]

1.e4 c5 2.Nc3 Nc6 3.Bb5 Nd4 4.Bc4 g6 5.Nf3 Bg7 6.Nxd4 cxd4 7.Qf3 Nh6 8.d3 O-O
9.Ne2 e5 10.Qg3 d6 11.h4 Ng4 12.h5 Re8 13.hxg6 hxg6 14.f3 Nf6 15.Bh6 Be6
16.Qh2 Nd7 17.Bxe6 fxe6 18.Bxg7 Kxg7 19.Qh7+ Kf6 20.g4 Rg8 21.g5+  1-0

[Event "Open"]
[Site "Cappelle la Grande FRA"]
[Date "2003.02.23"]
[Round "2"]
[White "Gharamian,T"]
[Black "Shaw,J"]
[Result "1/2-1/2"]
[WhiteElo "2239"]
[BlackElo "2470"]

1.e4 c5 2.Nc3 Nc6 3.Bb5 Nd4 4.Ba4 a6 5.d3 e6 6.Nf3 b5 7.Bb3 Nxb3 8.axb3 Bb7
9.O-O d6 10.Ng5 h6 11.Qh5 g6 12.Qh3 Bg7 13.Nf3 Ne7 14.Be3 Qc8 15.Qh4 Nc6
16.Qg3 Qd8 17.Bf4 b4 18.Ne2 e5 19.Be3 O-O 20.Nh4 Nd4 21.Nxd4 cxd4 22.Bd2 Rc8
23.Rac1 a5 24.f4 exf4 25.Bxf4 Rc6 26.Nf3 Kh7 27.h4 Qc7 28.Nd2 Ba6 29.Ra1 Ra8
30.Nc4 Bxc4 31.bxc4 Qe7 32.b3 Be5 33.Qg4 h5 34.Qg5 Qxg5 35.Bxg5 Kg7 36.Kf2 Bf6
37.Bxf6+ Kxf6 38.Kg3+ Ke6 39.Rf2 f6 40.Rff1 Rca6 41.Ra4  1/2-1/2

[Event "4th ch-Asia"]
[Site "Doha QAT"]
[Date "2003.02.23"]
[Round "2"]
[White "Kadhi,H"]
[Black "Ayyad,M"]
[Result "1-0"]
[WhiteElo "2334"]
[BlackElo "2200"]

1.e4 c5 2.Nc3 Nc6 3.Nf3 e6 4.Bb5 Nge7 5.O-O a6 6.Bxc6 Nxc6 7.Re1 Be7 8.d4 cxd4
9.Nxd4 O-O 10.e5 Nxd4 11.Qxd4 d5 12.exd6 Bxd6 13.Rd1 Be7 14.Qg4 Qc7 15.Bh6 Bf6
16.Rd3 Kh8 17.Bg5 Bxg5 18.Qxg5 f6 19.Qd2 Qf7 20.Ne4 e5 21.Nd6 Qe7 22.Qa5 Bg4
23.f3 Be6 24.Qb6 Rfd8 25.Rad1 Rd7 26.c4 f5 27.Qe3 Qf6 28.b3 Rad8 29.Nxb7 Rxd3
30.Rxd3 Rxd3 31.Qxd3 Bg8 32.Qd8 Qh6 33.Kf2 Qxh2 34.Nd6 Qh5 35.Nc8 h6 36.Ne7 Qf7
37.c5  1-0

[Event "ch-RUS w 1st League"]
[Site "Serpukhov RUS"]
[Date "2003.02.23"]
[Round "4"]
[White "Rubzova,T"]
[Black "Sharova,T"]
[Result "1-0"]
[WhiteElo "2309"]
[BlackElo "2114"]

1.e4 c5 2.Nf3 Nc6 3.Nc3 g6 4.d4 cxd4 5.Nxd4 Bg7 6.Nde2 d6 7.g3 Bg4 8.Bg2 Nd4
9.O-O Bf3 10.Bxf3 Nxf3+ 11.Kg2 Ne5 12.Nd5 Nd7 13.Be3 Ngf6 14.Bd4 O-O 15.f3 Ne8
16.Bxg7 Kxg7 17.c4 f5 18.exf5 Rxf5 19.Nd4 Re5 20.f4 Re4 21.Qd3 Nef6 22.Qxe4 Nxe4
23.Ne6+ Kf7 24.Nxd8+ Rxd8 25.Rfe1 Ndf6 26.Nxf6 Nxf6 27.b3 Nd7 28.Rad1 Nc5
29.Kf3 a6 30.Re3 Ne6 31.Kf2 Nc7 32.Rc3 Ne6 33.b4 b6 34.Re1 Nd4 35.Re4 Nf5
36.g4 Ng7 37.c5 dxc5 38.bxc5 bxc5 39.Rxc5 Rd2+ 40.Re2 Rd4 41.Rc7 Ne6 42.Ra7 Rxf4+
43.Kg3 Ra4 44.Rf2+ Ke8 45.Ra8+ Kd7 46.Rd2+ Kc6 47.Rc8+ Kb6 48.Re8 Ra3+ 49.Kf2 Rh3
50.Ke1 Ng5 51.Rb2+ Ka5 52.Rxe7 Nf3+ 53.Kd1 Nxh2 54.Re5+ Ka4 55.Re4+ Ka3 56.Rb6 a5
57.Ra6 Rd3+ 58.Kc2 Rd5 59.Rc6  1-0

[Event "Open"]
[Site "Cappelle la Grande FRA"]
[Date "2003.02.25"]
[Round "5"]
[White "Gajewski,G"]
[Black "Teske,H"]
[Result "1-0"]
[WhiteElo "2436"]
[BlackElo "2531"]

1.e4 c5 2.Nc3 Nc6 3.Bb5 Nd4 4.Bc4 e6 5.Nge2 Nf6 6.O-O d5 7.exd5 exd5 8.Nxd5 Nf3+
9.Kh1 Nxd5 10.Nc3 Nxh2 11.Re1+ Ne7 12.Qh5 g6 13.Qxh2 Be6 14.Ne4 Nc6 15.d4 Qxd4
16.Qc7 Rc8 17.Nf6+ Qxf6 18.Qxc8+ Nd8 19.Bb5+  1-0

[Event "6th Open"]
[Site "Malaga ESP"]
[Date "2003.02.25"]
[Round "5"]
[White "Paz Ladron de Guevara,D"]
[Black "Ivanov,J"]
[Result "1-0"]
[WhiteElo "2323"]
[BlackElo "2446"]

1.e4 c5 2.Nc3 Nc6 3.Nge2 Nf6 4.g3 d5 5.exd5 Nd4 6.Bg2 Bg4 7.h3 Bf3 8.Bxf3 Nxf3+
9.Kf1 Nd4 10.Nf4 g5 11.Nfe2 Nxd5 12.Ne4 e6 13.c3 f5 14.Nxd4 fxe4 15.Nxe6 Qe7
16.Qg4 Nf6 17.Qf5 h6 18.Nxc5 Kf7 19.d4 Rd8 20.h4 Bg7 21.hxg5 hxg5 22.Rxh8 Rxh8
23.Kg2 b6 24.Nb3 Qe6 25.Qxe6+ Kxe6 26.Bxg5 Ng4 27.Re1 Rh2+ 28.Kg1 Kf5 29.Be3 Bf8
30.Nd2 Bd6 31.Nf1 Rh7 32.Bc1 Nf6 33.Kg2 Rg7 34.Ne3+ Ke6 35.Rh1 Rg6 36.Rh4 b5
37.b3 Bf8 38.c4 bxc4 39.bxc4 Bh6 40.d5+ Kd7 41.Bb2 Bxe3 42.fxe3 Ng4 43.Bd4 Kd6
44.Rh5 Rg8 45.c5+ Kd7 46.Rh7+  1-0

[Event "ch-CZE w"]
[Site "Lahucovice CZE"]
[Date "2003.02.27"]
[Round "8"]
[White "Jackova,J"]
[Black "Cedikova,K"]
[Result "0-1"]
[WhiteElo "2324"]
[BlackElo "2184"]

1.e4 c5 2.Nf3 Nc6 3.Nc3 g6 4.d4 cxd4 5.Nxd4 Bg7 6.Nb3 Nf6 7.Be2 O-O 8.O-O d6
9.Re1 Be6 10.Bf1 d5 11.exd5 Nxd5 12.Nxd5 Qxd5 13.c3 Rad8 14.Qxd5 Bxd5 15.Be3 e5
16.Red1 b6 17.Be2 h6 18.f3 Be6 19.Bf2 f5 20.Bb5 Ne7 21.c4 e4 22.c5 Rd5 23.Rxd5 Nxd5
24.fxe4 fxe4 25.Rc1 e3 26.Bg3 Bxb2 27.c6 Rc8 28.Rb1 Bg7 29.Re1 a6 30.Bxa6 Rxc6
31.Bb7 Rc3 32.Rc1 Rxc1+ 33.Nxc1 Bd4 34.Bxd5 Bxd5 35.Kf1 Bc4+ 36.Ke1 Bb2 37.Kd1 Bxc1
38.Kxc1 Bxa2 39.Bf4 e2 40.Kd2 Bc4 41.Bxh6 Kf7 42.g4 Ke6 43.h4 b5 44.h5 Kf6
45.Bf8 g5 46.Bb4 Be6 47.Bc3+ Kf7 48.h6 Kg6 49.Kxe2 Bxg4+ 50.Kf2 Kxh6 51.Kg3 Bf5
52.Bb4 Kg6 53.Be7 Bc2 54.Kg4 Bd1+ 55.Kg3 Kf5  0-1

[Event "Jch-RUS b20"]
[Site "Essentuki RUS"]
[Date "2003.03.02"]
[Round "1"]
[White "Prizant,Ja"]
[Black "Evdokimov,Alexa"]
[Result "1-0"]
[WhiteElo "2483"]
[BlackElo "2391"]

1.e4 c5 2.Nf3 Nc6 3.Nc3 g6 4.d4 cxd4 5.Nxd4 Bg7 6.Nb3 Nf6 7.Be2 O-O 8.O-O d6
9.Re1 Be6 10.Bf1 d5 11.Nc5 Bg4 12.f3 d4 13.Ne2 Bc8 14.c3 dxc3 15.Nxc3 b6
16.Nb3 Be6 17.Be3 Qc7 18.Rc1 Rfd8 19.Qe2 Rac8 20.Qb5 Qb8 21.Kh1 Ne5 22.Nd4 Bc4
23.Bxc4 Nxc4 24.Bg1 Qb7 25.Qb3 a6 26.a4 e6 27.Nce2 Ne5 28.Rxc8 Rxc8 29.Rc1 Rxc1
30.Nxc1 Qc7 31.Nce2 Nfd7 32.Qd1 a5 33.f4 Ng4 34.e5 Bf8 35.Nc3 Qb7 36.Qd3 Kg7
37.Qc4 Bc5 38.Nce2 Nh6 39.b4 Bxd4  1-0

[Event "Jch-RUS b20"]
[Site "Essentuki RUS"]
[Date "2003.03.02"]
[Round "1"]
[White "Markarov,A"]
[Black "Kosintseva,N"]
[Result "0-1"]
[WhiteElo "2319"]
[BlackElo "2417"]

1.e4 c5 2.Nc3 Nc6 3.Nf3 g6 4.Bb5 Bg7 5.O-O e5 6.Bxc6 dxc6 7.h3 Qe7 8.d3 Nf6
9.Be3 Nd7 10.Qd2 Nf8 11.Bh6 f6 12.Bxg7 Qxg7 13.Ne2 g5 14.Nh2 Ne6 15.Ng4 Nf4
16.Ne3 Be6 17.Rfd1 O-O-O 18.Ng3 Qd7 19.Ngf5 h5 20.a3 h4 21.Qa5 b6 22.Qa6+ Qb7
23.Qxb7+ Kxb7 24.Kf1 b5 25.b4 Kb6 26.Rdb1 Rh7 27.g3 Bxf5 28.Nxf5 hxg3 29.fxg3 Nxh3
30.bxc5+ Kxc5 31.Kg2 g4 32.Rh1 Rg8 33.Raf1 Rg6 34.Ne3 Kd4 35.Nxg4 Nf4+ 36.Kf3 Rhg7
37.Rh4 Ne6 38.Rg1 Kc3 39.Ne3 Nd4+ 40.Kf2 Kb2 41.Rhh1 Kxa3 42.c3 Nb3 43.Nf5 Rd7
44.Ke3 b4 45.c4 Rg8 46.Rh2 Rgd8 47.Rd1 c5 48.Re2 Rxd3+  0-1

[Event "57th ch-POL w"]
[Site "Sroda Wlkp POL"]
[Date "2003.03.03"]
[Round "5"]
[White "Dworakowska,J"]
[Black "Pokojska,D"]
[Result "1/2-1/2"]
[WhiteElo "2404"]
[BlackElo "2084"]

1.e4 c5 2.Nc3 Nc6 3.Nf3 e5 4.Bc4 d6 5.d3 h6 6.Nd2 Nf6 7.Nf1 Be6 8.Nd5 g6
9.Nfe3 Bg7 10.O-O O-O 11.f4 exf4 12.Rxf4 Na5 13.Nxf6+ Bxf6 14.Bxe6 fxe6 15.Qg4 Qe8
16.Bd2 Nc6 17.Nc4 h5 18.Qg3 Rd8 19.Rxf6 Rxf6 20.Bg5 Qf8 21.Bxf6 Qxf6 22.Rf1 Qg7
23.Qg5 b5 24.Rf6 Kh7 25.Qf4 Nd4 26.Kf1 e5 27.Qf2 Nf5 28.Rxg6 Qxg6 29.exf5 Qg5
30.Ne3 Rf8 31.g3 d5 32.h4 Qf6 33.Nxd5 Qxf5 34.Qxf5+ Rxf5+ 35.Ke2 Rf7 36.Nc3 a6
37.Ne4 Rc7 38.c4 bxc4 39.dxc4 Kg6 40.Kf3 a5 41.b3 Rf7+ 42.Ke3 Rc7 43.Kf3 Rf7+
44.Ke3 Rc7  1/2-1/2

[Event "FSGM March"]
[Site "Budapest HUN"]
[Date "2003.03.04"]
[Round "4"]
[White "Dembo,Y"]
[Black "Balogh,C"]
[Result "1/2-1/2"]
[WhiteElo "2397"]
[BlackElo "2448"]

1.e4 c5 2.Nc3 Nc6 3.Bb5 Nd4 4.Bc4 e6 5.Nf3 a6 6.Nxd4 cxd4 7.Ne2 b5 8.Bb3 Bb7
9.d3 Bc5 10.O-O Ne7 11.c3 Nc6 12.Kh1 O-O 13.f4 f5 14.exf5 Rxf5 15.Ng3 Rf8
16.Qh5 Be7 17.Bd2 Kh8 18.Qg4 Bf6 19.Rae1 Bh4 20.Nh5 g6 21.Ng3 Bxg3 22.Qxg3 Ne7
23.Qf2 Qb6 24.cxd4 a5 25.Re5 Rf7 26.Qe1 b4 27.d5 Bxd5 28.Be3 Qd6 29.Bxd5 Nxd5
30.Bd4 Kg8 31.Qe4 Raf8 32.Rg5 Rf5 33.Rxf5 Rxf5 34.g3 Qc6 35.Kg1 Ne7 36.Qxc6 Nxc6
37.Be3 b3 38.a3 Rd5 39.Rd1 Nd8 40.Kf2 Nb7 41.Rc1 Nd6  1/2-1/2

[Event "69th ch-BLR"]
[Site "Minsk BLR"]
[Date "2003.03.04"]
[Round "5"]
[White "Smirnov,Va"]
[Black "Kovalev,A"]
[Result "0-1"]
[WhiteElo "2400"]
[BlackElo "2539"]

1.e4 c5 2.Nf3 Nc6 3.Nc3 d6 4.d4 cxd4 5.Nxd4 Nf6 6.g3 Bg4 7.f3 Bd7 8.Be3 e6
9.Qd2 a6 10.g4 h6 11.O-O-O b5 12.Nxc6 Bxc6 13.Bd3 Qc7 14.Kb1 b4 15.Ne2 d5
16.e5 Nd7 17.f4 d4 18.Nxd4 Bxh1 19.Rxh1 Nc5 20.Be2 Be7 21.Bf3 Rb8 22.Nc6 Rb6
23.Qg2 O-O 24.h4 Rc8 25.Nxe7+ Qxe7 26.g5 h5 27.Bxh5 Rbb8 28.b3 a5 29.g6 f5
30.Bf3 a4 31.h5 axb3 32.cxb3 Ne4 33.h6 gxh6 34.Rxh6 Qd7 35.Bd4 Nc3+ 36.Ka1 Nd1
37.Kb1 Nc3+ 38.Ka1 Ne2 39.Qxe2 Qxd4+ 40.Kb1 Rc1+  0-1

[Event "ch-Serbia"]
[Site "Dimitrovgrad YUG"]
[Date "2003.03.05"]
[Round "6"]
[White "Stojanovic,Da"]
[Black "Benkovic,P"]
[Result "1-0"]
[WhiteElo "2413"]
[BlackElo "2469"]

1.e4 c5 2.Nf3 Nc6 3.Nc3 d6 4.d4 cxd4 5.Nxd4 Nf6 6.Bc4 e6 7.Bb3 Be7 8.Be3 O-O
9.f4 a6 10.Qf3 Qc7 11.f5 Nxd4 12.Bxd4 b5 13.a3 Kh8 14.O-O-O Bb7 15.g4 Nd7
16.Kb1 Ne5 17.Qf2 Bc6 18.Qe2 Qc8 19.Rhg1 Rb8 20.g5 exf5 21.Nd5 Bd8 22.exf5 Qxf5
23.Rdf1 Qg6 24.h4 Nc4 25.Nf4 Qe4 26.Qxe4 Bxe4 27.Bxc4 bxc4 28.Nh5 Bb6 29.Bxg7+ Kg8
30.Bxf8 Kxf8 31.Rg4 Bd5 32.Nf6 Be6 33.Re4 Kg7 34.Nh5+ Kf8 35.Nf4 d5  1-0

[Event "X Anibal Open"]
[Site "Linares ESP"]
[Date "2003.03.05"]
[Round "6"]
[White "Cornette,M"]
[Black "Ubilava,E"]
[Result "0-1"]
[WhiteElo "2329"]
[BlackElo "2545"]

1.e4 c5 2.Nc3 Nc6 3.Bb5 Nd4 4.Ba4 a6 5.d3 e6 6.Nf3 b5 7.Bb3 Nxb3 8.axb3 Bb7
9.Bg5 Qc7 10.O-O Ne7 11.d4 cxd4 12.Qxd4 Nc6 13.Qe3 Nb4 14.Bf4 Qc5 15.Qd2 Be7
16.Rfd1 Rd8 17.Be3 Qc7 18.Bf4 Qb6 19.Ne2 Bxe4 20.Ng5 Bc6 21.Bd6 Nd5 22.Bxe7 Nxe7
23.Qd6 Nf5 24.Qb4 f6 25.Nh3 Bb7 26.Nhf4 d5 27.Nd4  0-1

[Event "Jch-RUS b20"]
[Site "Essentuki RUS"]
[Date "2003.03.06"]
[Round "5"]
[White "Skorchenko,D"]
[Black "Kurnosov,I"]
[Result "0-1"]
[WhiteElo "2436"]
[BlackElo "2477"]

1.e4 c5 2.Nf3 Nc6 3.Nc3 g6 4.d4 cxd4 5.Nxd4 Bg7 6.Be3 Nf6 7.Bc4 Qa5 8.O-O O-O
9.Nb3 Qd8 10.f4 d6 11.Be2 Be6 12.g4 Rc8 13.g5 Ne8 14.f5 Bd7 15.Qe1 Nb4 16.Qd2 Nc7
17.Bxa7 Nca6 18.Be3 Nc6 19.Rab1 Nc5 20.Nxc5 dxc5 21.Bxc5 gxf5 22.exf5 Bxf5
23.Qxd8 Nxd8 24.Bxe7 Bxc2 25.Rbe1 Re8 26.Bg4 Ne6 27.Rxe6 Rxc3 28.bxc3 fxe6
29.Bf6 Be4 30.Bh5 Ra8 31.Rf2 Bd5 32.Bxg7 Kxg7 33.c4 Bxc4 34.Rf7+ Kg8 35.Rxb7 Rxa2
36.Bf3 Ra1+ 37.Kf2 Rf1+  0-1

[Event "57th ch-POL w"]
[Site "Sroda Wlkp POL"]
[Date "2003.03.07"]
[Round "9"]
[White "Kupczyk,E"]
[Black "Krupa,M"]
[Result "0-1"]
[WhiteElo "2091"]
[BlackElo "2248"]

1.e4 c5 2.Nf3 Nc6 3.Nc3 e5 4.Bc4 d6 5.d3 Be7 6.Nd2 Nf6 7.Nf1 Bg4 8.f3 Be6
9.Ne3 Nd7 10.O-O Nb6 11.Ned5 O-O 12.Nxb6 axb6 13.Nd5 Kh8 14.f4 exf4 15.Bxf4 Nd4
16.c3 b5 17.cxd4 bxc4 18.Nxe7 Qxe7 19.d5 Bd7 20.dxc4 Qxe4 21.Bxd6 Bg4 22.Qd2 Rfe8
23.Qf4 Be2 24.Qxe4 Rxe4 25.Rfe1 f5 26.b3 Rc8 27.Kf2 Bd3 28.Rxe4 Bxe4 29.Re1 Kg8
30.g4 g6 31.gxf5 gxf5 32.Rg1+ Kf7 33.Ke3 Ra8 34.Bxc5 Rxa2 35.Bd4 Rg2 36.Ra1 Rxh2
37.Be5 Rh3+ 38.Kd4 Rxb3 39.Rg1 h5 40.Rg7+ Ke8 41.Bf6 b5 42.d6 Rd3+ 43.Kc5 bxc4
44.Re7+ Kf8 45.Bg7+ Kg8 46.Bd4 Kf8 47.Rc7 c3 48.Rc8+ Kf7 49.d7 c2 50.Rf8+ Ke6
51.d8=N+ Ke7 52.Rf7+ Kxd8 53.Bb2 Rd1  0-1

[Event "ch-Serbia w"]
[Site "Dimitrovgrad YUG"]
[Date "2003.03.08"]
[Round "9"]
[White "Vranesevic,D"]
[Black "Urosevic,M"]
[Result "1-0"]
[WhiteElo "2061"]
[BlackElo "2033"]

1.e4 c5 2.Nc3 Nc6 3.Bb5 Nd4 4.Bc4 g6 5.Nf3 Bg7 6.Nxd4 cxd4 7.Qf3 Nh6 8.d3 O-O
9.Nb5 e5 10.Nd6 Qe7 11.Nxc8 Raxc8 12.Qh3 g5 13.Qh5 Qb4+ 14.Bd2 Qxb2 15.O-O Qxc2
16.Bxg5 Rc6 17.Rfc1 Qa4 18.Rab1 b6 19.Bb3 Qa6 20.Rxc6 dxc6 21.Bxh6 Qxd3 22.Re1 Bxh6
23.Qxh6 Qb5 24.Qg5+ Kh8 25.Qf6+ Kg8 26.Rc1 c5 27.Qxe5 a5 28.f4 a4 29.Bc4 Qb2
30.Rf1 b5 31.Rf3 Qc1+ 32.Bf1 Rd8 33.Qg5+  1-0

[Event "Jch-RUS b20"]
[Site "Essentuki RUS"]
[Date "2003.03.08"]
[Round "6"]
[White "Savchenko,B"]
[Black "Farakhov,R"]
[Result "1-0"]
[WhiteElo "2431"]
[BlackElo "2392"]

1.e4 c5 2.Nf3 Nc6 3.Nc3 Nf6 4.Bb5 Qc7 5.O-O Nd4 6.Re1 a6 7.e5 Nxb5 8.exf6 Nxc3
9.fxg7 Bxg7 10.dxc3 d6 11.Ng5 h6 12.Bf4 O-O 13.Ne4 Bf5 14.Qh5 Bg6 15.Qh4 f5
16.Nd2 Bf6 17.Qg3 Kg7 18.Re6 Rh8 19.Rae1 b5 20.Nf3 Rag8 21.Nh4 Kf7 22.Nxg6 Rxg6
23.Qd3 Rd8 24.Qxf5 Kg7 25.h4 h5 26.Bg5  1-0

[Event "Milovan Prvulj Mem"]
[Site "Pancevo YUG"]
[Date "2003.03.08"]
[Round "11"]
[White "Vratonjic,S"]
[Black "Vasovski,N"]
[Result "1/2-1/2"]
[WhiteElo "2435"]
[BlackElo "2325"]

1.e4 c5 2.Nf3 Nc6 3.Nc3 g6 4.d4 cxd4 5.Nxd4 Bg7 6.Nb3 Nf6 7.Be2 O-O 8.O-O d6
9.Re1 Bd7 10.Bf1 Rc8  1/2-1/2

[Event "Spring Festival WGM"]
[Site "Bucharest ROM"]
[Date "2003.03.10"]
[Round "8"]
[White "Ionica,I"]
[Black "Motoc,A"]
[Result "1-0"]
[WhiteElo "2200"]
[BlackElo "2326"]

1.e4 c5 2.Nc3 Nc6 3.Nge2 e5 4.Nd5 Nce7 5.Nec3 Nxd5 6.Nxd5 g6 7.Bc4 Bg7 8.d3 d6
9.c3 Be6 10.Qa4+ Bd7 11.Bb5 Rc8 12.Bxd7+ Qxd7 13.Qxa7 Qc6 14.O-O Ne7 15.Nxe7 Kxe7
16.Qa3 c4 17.dxc4 Qxe4 18.b3 Rhd8 19.Bg5+ f6 20.Rfe1 Qc6 21.Be3 Kf7 22.Red1 f5
23.Bg5 Rd7 24.Rd5 h6 25.Bd2 Re8 26.Rd1 b6 27.Qc1 g5 28.Qc2 Ke6 29.a4 g4 30.Bc1 Red8
31.Ba3 Bf6 32.Re1 h5 33.Qd3 h4 34.Qe3 h3 35.g3 Ra8 36.f3 b5 37.axb5 Qb7 38.Bc1 Ra2
39.Bd2 Qa7 40.b6 Qb7 41.fxg4 fxg4 42.Rf1 Rf7 43.Qf2 Bd8 44.Qxf7+ Qxf7 45.Rxf7 Bxb6+
46.c5 Bxc5+ 47.Rxc5 dxc5 48.Rf2 Kd5 49.Re2 Rb2 50.b4 Kc4 51.Kf2 cxb4 52.cxb4 Kd5
53.Bc3 Rb3 54.Rxe5+ Kc4 55.Bd2 Kd4 56.Re1 Rb2 57.Ke2  1-0

[Event "Spring Festival GM"]
[Site "Bucharest ROM"]
[Date "2003.03.12"]
[Round "10"]
[White "Moldovan,D"]
[Black "Radovanovic,D"]
[Result "1/2-1/2"]
[WhiteElo "2447"]
[BlackElo "2326"]

1.e4 c5 2.Nc3 Nc6 3.Bb5 Nd4 4.Bc4 g6 5.Nf3 a6 6.Nxd4 cxd4 7.Ne2 Bg7 8.O-O e6
9.c3 b5 10.Bb3 Bb7 11.d3 dxc3 12.bxc3 Ne7 13.Ba3 d6 14.Qd2 O-O 15.Qe3 Qd7
16.Rac1 a5  1/2-1/2

[Event "Stroer Trophy"]
[Site "Cannes FRA"]
[Date "2003.03.12"]
[Round "6"]
[White "Muller,A"]
[Black "Zhao Xue"]
[Result "0-1"]
[WhiteElo "2176"]
[BlackElo "2428"]

1.e4 c5 2.Nc3 Nc6 3.Bb5 g6 4.Bxc6 bxc6 5.d3 Bg7 6.f4 d6 7.Nf3 Nh6 8.O-O O-O
9.Kh1 Rb8 10.Qe1 f5 11.e5 Nf7 12.Rb1 Qc7 13.Be3 Re8 14.Qg3 Be6 15.Rfe1 Bd5
16.Nxd5 cxd5 17.d4 cxd4 18.Nxd4 e6 19.exd6 Nxd6 20.c3 Nc4 21.Qf2 Bh6 22.Qh4 Bf8
23.Bg1 Nd2 24.Rbd1 Ne4 25.Re2 Bg7 26.Be3 Qc4 27.Qe1 a5 28.Nf3 a4 29.a3 Qc7
30.Rc1 Rb5 31.Qd1 Ra8 32.Qd3 Rab8 33.Rcc2 Qd6 34.Nd4 R5b7 35.Nf3 h6 36.Qd1 Rc8
37.Rc1 Rc4 38.Qf1 Kh7 39.Rd1 Qb8 40.Bc1 Qc8 41.Be3 Qb8 42.Bc1 Bf6 43.Rd3 Nc5
44.Rd1 Re4 45.Qf2 Rc7 46.Be3 Nb3 47.Nd2 Nxd2 48.Rexd2 Rcc4 49.g3 g5 50.fxg5 hxg5
51.Bd4 Kg7 52.Bxf6+ Kxf6 53.Rd4 Qe5 54.R4d2 Re3 55.Kg1 Rce4 56.Kf1 g4 57.Rd3 Re2  0-1

[Event "Jch-RUS b20"]
[Site "Essentuki RUS"]
[Date "2003.03.13"]
[Round "11"]
[White "Prizant,Ja"]
[Black "Maletin,P"]
[Result "0-1"]
[WhiteElo "2483"]
[BlackElo "2374"]

1.e4 c5 2.Nf3 Nc6 3.Nc3 Nf6 4.Bb5 g6 5.h3 Bg7 6.e5 Ng8 7.Bxc6 dxc6 8.d3 Nh6
9.g4 f5 10.Bxh6 Bxh6 11.g5 Bg7 12.Qe2 Be6 13.O-O-O Qa5 14.a3 b5 15.Nd2 b4
16.Ncb1 Qd8 17.f4 Qd4 18.Qh2 Rb8 19.Nf3 Qe3+ 20.Nfd2 Qd4 21.Nc4 h6 22.gxh6 Bxh6
23.Rhf1 Bxc4 24.dxc4 Qxe5 25.axb4 cxb4 26.Nd2 Qd4 27.Qg2 Qf6 28.c5 Rd8 29.Qf2 Rd4
30.Qe3 O-O 31.Qb3+ Kg7 32.Nc4 Bxf4+ 33.Kb1 Rfd8 34.Rxd4 Qxd4 35.Qxb4 Bg5
36.Re1 Rd5 37.Qa4 Rxc5 38.b3 Bf6 39.Qxa7 Rxc4  0-1